| 000 -LEADER |
| fixed length control field |
00821cam a22002177a 4500 |
| 020 ## - INTERNATIONAL STANDARD BOOK NUMBER |
| ISBN |
1842171178 |
| 040 ## - CATALOGING SOURCE |
| Transcribing agency |
UKM |
| 082 00 - DEWEY DECIMAL CLASSIFICATION NUMBER |
| Classification number |
636 DAV 2005 A051 Co. |
| 110 2# - MAIN ENTRY--CORPORATE NAME |
| Corporate name or jurisdiction name as entry element |
International Council for Archaeozoology. |
| 245 10 - TITLE STATEMENT |
| Title |
Diet and health in past animal populations : |
| Remainder of title |
current research and future directions / |
| 260 ## - PUBLICATION, DISTRIBUTION, ETC. (IMPRINT) |
| Place of publication |
Oxford : |
| Name of publisher |
Oxbow Books ; |
| Place of publication |
Oakville, CT : |
| Name of publisher |
David Brown Book Co., |
| Year of publication |
c2005. |
| 300 ## - PHYSICAL DESCRIPTION |
| Number of Pages |
viii, 134 p. : |
| Other physical details |
ill., maps ; |
| Dimensions |
31 cm. |
| 500 ## - GENERAL NOTE |
| General note |
"Proceedings of the 9th Conference of the International Council of Archaeozoology, Durham, August 2002." |
| 650 #0 - SUBJECT ADDED ENTRY--TOPICAL TERM |
| Topical Term |
Animal paleopathology |
| 650 #0 - SUBJECT ADDED ENTRY--TOPICAL TERM |
| Topical Term |
Animal remains (Archaeology) |
| 650 #0 - SUBJECT ADDED ENTRY--TOPICAL TERM |
| Topical Term |
Animal health |
| 650 #0 - SUBJECT ADDED ENTRY--TOPICAL TERM |
| Topical Term |
Animal feeding |
| 700 1# - ADDED ENTRY--PERSONAL NAME |
| Personal name |
Davies, J. |
| 856 41 - ELECTRONIC LOCATION AND ACCESS |
| Uniform Resource Identifier |
http://www.loc.gov/catdir/toc/fy0610/2005296285.html |
| 942 ## - ADDED ENTRY ELEMENTS (KOHA) |
| Koha item type |
សៀវភៅភាសាអង់គ្លេស |
| 952 ## - LOCATION AND ITEM INFORMATION (KOHA) |
| Withdrawn status [LOCAL, KOHA] |
0 |